[Event "Plzen KB op-C U18"]
[Site "Plzen"]
[Date "1997.??.??"]
[Round "1"]
[White "Vojir, Vaclav"]
[Black "Kovarik, Josef"]
[Result "0-1"]
[WhiteElo "1915"]
[BlackElo "1710"]
[PlyCount "78"]
[EventDate "1997.??.??"]
[EventRounds "9"]
[EventCountry "CZE"]
[Source "ChessBase"]
[SourceDate "1996.11.15"]

1. e4 d6 2. d4 Nf6 3. Nc3 g6 4. Nf3 Bg7 5. Be2 c5 6. dxc5 Qa5 7. O-O Qxc5 8.
Bd3 O-O 9. h3 Nc6 10. Be3 Qa5 11. a3 Ne5 12. Nxe5 dxe5 13. Qe2 Be6 14. g4 a6
15. Nb1 Rac8 16. Nd2 b5 17. f3 Rfd8 18. Qf2 Nd7 19. Rfc1 Rc6 20. Kh2 Rdc8 21.
c3 Bc4 22. Bc2 Qc7 23. Bb3 Nc5 24. Bc2 Rd8 25. Nxc4 bxc4 26. Rd1 Nd3 27. Bxd3
Rxd3 28. Rxd3 cxd3 29. Rd1 Rd6 30. Rd2 f6 31. Qf1 Qc4 32. Qd1 e6 33. Kg3 f5 34.
gxf5 exf5 35. exf5 gxf5 36. Kh2 f4 37. Bf2 e4 38. fxe4 Qxe4 39. Qg4 h6 $138 0-1

[Event "Plzen KB op-C U18"]
[Site "Plzen"]
[Date "1997.??.??"]
[Round "9"]
[White "Vojir, Vaclav"]
[Black "Vanek, Jiri"]
[Result "0-1"]
[WhiteElo "1915"]
[BlackElo "1755"]
[PlyCount "90"]
[EventDate "1997.??.??"]
[EventRounds "9"]
[EventCountry "CZE"]
[Source "ChessBase"]
[SourceDate "1996.11.15"]

1. e4 c5 2. Nf3 d6 3. d4 cxd4 4. Nxd4 Nf6 5. Nc3 a6 6. Be2 e6 7. Bf3 Qc7 8. O-O
Be7 9. a4 Nc6 10. Re1 Bd7 11. Be3 O-O 12. Nce2 Ne5 13. Nc3 Nxf3+ 14. Qxf3 Rac8
15. Rec1 Bc6 16. Nxc6 Qxc6 17. Qf4 Rfd8 18. f3 Nd7 19. Rd1 Ne5 20. Bc1 Bf6 21.
Ra2 Qc4 22. Bd2 Ng6 23. Qg3 Bxc3 24. b3 Qc5+ 25. Kh1 Bxd2 26. Rxd2 d5 27. e5
Qe3 28. c4 Qxb3 29. Qe1 Qxc4 30. g3 Qc1 31. Rd1 Qc3 32. f4 Qxe1+ 33. Rxe1 Rc7
34. Rb2 Ne7 35. Reb1 Rb8 36. Rb6 Nc6 37. Kg2 a5 38. R6b5 Kf8 39. h4 h6 40. Re1
Rbc8 41. Reb1 Rb8 42. Rc1 Ke8 43. Rxa5 Kd7 44. Rac5 Ra8 45. Ra1 Nd4 0-1